Three's Company Lyrics Quiz Stats

Quiz Updated Sep 12, 2012

Challenge
Share
Tweet
Embed
Score 0/66 Timer 05:00
0 Plays Today
% Correct
and
96%
and
96%
and
96%
and
96%
on
95.6%
on
95.6%
Company,
94.9%
Company,
94.9%
Company,
94.9%
Three's
94.4%
Three's
94.4%
Three's
94.4%
Come
93%
Come
93%
door.
92.4%
knock
92.3%
a
91.7%
a
91.7%
a
91.7%
our
91.5%
our
91.5%
our
91.5%
you.
91.1%
you
91.1%
too.
90.6%
too.
90.6%
too!
90.6%
for
87.7%
for
87.7%
waiting
83.8%
the
82.8%
been
70.2%
his...
69.4%
% Correct
We've
69.4%
We've
69.4%
hers
69.1%
hers
69.1%
are
65.8%
Where
62.4%
is
59.8%
is
59.8%
is
59.8%
kisses
47.6%
floor.
47.5%
that
47.3%
that
47.3%
that
47.3%
new.
41.1%
dance
41.1%
Take
40%
step
38.1%
your
32.7%
see
31.3%
life
26.3%
at
24.6%
face...
24%
You'll
23.2%
Laughter
21.7%
calling
21.3%
space
19.6%
needs
19.4%
loveable
17.2%
Down
16.9%
ball
16.5%
again.
16.4%
rendezvous...
14.8%

You're not logged in!

Compare scores with friends on all Sporcle quizzes.
Join for Free
OR
Log In

You Might Also Like...

Show Comments

Extras

Top Quizzes Today


Score Distribution

Your Account Isn't Verified!

In order to create a playlist on Sporcle, you need to verify the email address you used during registration. Go to your Sporcle Settings to finish the process.

Report this User

Report this user for behavior that violates our Community Guidelines.

Details: